00465nam a22001337a 4500040000900000082002100009100003500030245003900065260003900104650004700143942001200190999001900202952011000221 cNUST a358.40095491 KAM a Ahmad, Air Cdre Kama9114008 aUntold Tales of Pakistan Air Force aIslamabad:bThe Army press,c2005. aUntold Tales of Pakistan Air Force9113998 2ddccBK c595408d595408 00102ddc4070aCEMEbCEMEcGENd2023-08-05l0o358.40095491 KAMpCEME-42312r2023-08-05w2023-08-05yBK